[Event "GER-ch U25 op"]
[Site "Willingen"]
[Date "2009.06.03"]
[Round "6"]
[White "Reksten, Lisa"]
[Black "Kilic, Ahmet"]
[Result "1-0"]
[WhiteElo "1141"]
[BlackElo "1166"]
[PlyCount "61"]
[EventDate "2009.05.30"]
[EventType "swiss"]
[EventRounds "9"]
[EventCountry "GER"]
[SourceTitle "EXT 2010"]
[Source "ChessBase"]
[SourceDate "2010.11.25"]
[SourceVersion "1"]
[SourceVersionDate "2010.11.25"]
[SourceQuality "1"]

1. e4 e5 2. Nc3 b6 3. Nf3 d6 4. Bc4 Bb7 5. d4 Nd7 6. d5 Be7 7. 0-0 Ngf6 8. Bg5 0-0 9. Qd2 Nc5 10. Rfe1 Ng4 11. h3 Bxg5 12. Nxg5 Nh6 13. b4 Nd7 14. Ne2 a5 15. a3 Ba6 16. Bxa6 Rxa6 17. Qd3 Qa8 18. f4 axb4 19. f5 Nc5 20. Qg3 bxa3 21. f6 Nxe4 22. Nxe4 g6 23. Ng5 Nf5 24. Qg4 Ne3 25. Qh4 h5 26. Ra2 Qxd5 27. Qg3 Qxa2 28. Qxe3 Qxc2 29. Nf3 a2 30. Qh6 a1Q 31. Qg7# 1-0

[Event "GER-ch U25 op"]
[Site "Willingen"]
[Date "2009.05.31"]
[Round "2"]
[White "Wang, Julia"]
[Black "Reksten, Lisa"]
[Result "1-0"]
[WhiteElo "1506"]
[BlackElo "1141"]
[PlyCount "61"]
[EventDate "2009.05.30"]
[EventType "swiss"]
[EventRounds "9"]
[EventCountry "GER"]
[SourceTitle "EXT 2010"]
[Source "ChessBase"]
[SourceDate "2010.11.25"]
[SourceVersion "1"]
[SourceVersionDate "2010.11.25"]
[SourceQuality "1"]

1. e4 e5 2. f4 exf4 3. Nf3 Nf6 4. Nc3 Bb4 5. e5 Qe7 6. Bc4 0-0 7. 0-0 Ng4 8. d4 d6 9. Bxf4 dxe5 10. Nd5 Qd6 11. Nxe5 Nxe5 12. Bxe5 Qc6 13. Bb3 Bd6 14. Bxd6 Qxd6 15. Qe2 Nc6 16. c3 Be6 17. Qh5 Ne7 18. Nxe7+ Qxe7 19. Rae1 Qd7 20. d5 Bg4 21. Qh4 Bf5 22. Re7 Qc8 23. Rfe1 Bg6 24. Qg3 h6 25. Rxc7 Qb8 26. d6 Rd8 27. Qxg6 Rf8 28. Rxf7 Rxf7 29. Bxf7+ Kf8 30. d7 Qc7 31. Re8+ 1-0

[Event "GER-ch U10"]
[Site "Willingen"]
[Date "2008.05.11"]
[Round "1"]
[White "Sabirov, Ramil"]
[Black "Reksten, Lisa"]
[Result "1-0"]
[WhiteElo "1270"]
[BlackElo "936"]
[PlyCount "95"]
[EventDate "2008.05.11"]
[EventType "swiss"]
[EventRounds "11"]
[EventCountry "GER"]
[SourceTitle "CBM 124 Extra"]
[Source "ChessBase"]
[SourceDate "2008.07.03"]
[SourceVersion "1"]
[SourceVersionDate "2008.07.03"]
[SourceQuality "1"]

1. e4 e5 2. Nf3 Nc6 3. Bb5 Bc5 4. d3 Nf6 5. 0-0 Nxe4 6. Bxc6 bxc6 7. Nxe5 Qf6 8. d4 Bd6 9. Qe2 Qf5 10. f3 Bxe5 11. fxe4 Qg6 12. dxe5 c5 13. Qf3 0-0 14. Qf5 Bb7 15. Nd2 Rad8 16. c4 Rfe8 17. Re1 Qe6 18. Qxe6 Rxe6 19. Nf3 Rg6 20. Bg5 Re8 21. Rad1 Bc6 22. h3 h6 23. Bh4 f6 24. Bf2 fxe5 25. Bxc5 a6 26. Nh4 Rf6 27. Nf5 d6 28. Bf2 Bxe4 29. Nxh6+ Rxh6 30. Rxe4 Rb8 31. b3 c6 32. c5 dxc5 33. Bxc5 Re6 34. Rde1 Rb5 35. Rxe5 Rxe5 36. Rxe5 Rb7 37. Re8+ Kh7 38. Ra8 Rb5 39. b4 a5 40. Rxa5 Rxa5 41. bxa5 Kh6 42. a6 Kh7 43. a7 Kh6 44. a8Q Kh7 45. Qxc6 Kg8 46. Qg6 Kh8 47. Bf8 Kg8 48. Qxg7# 1-0